|
|
|
|
| LEADER |
01079naa a2200229 i 4500 |
| 001 |
acta45739 |
| 005 |
20230607085758.0 |
| 008 |
170619s1974 hu o 1|| hun d |
| 040 |
|
|
|a SZTE Egyetemi Kiadványok Repozitórium
|b hun
|
| 041 |
|
|
|a hun
|
| 100 |
1 |
|
|a Tóth János
|
| 245 |
1 |
0 |
|a Biológiai jelek rögzítése és feldolgozása LABORHIBRID modulokat alkalmazó rendszerekkel
|h [elektronikus dokumentum] /
|c Tóth János
|
| 260 |
|
|
|c 1974
|
| 300 |
|
|
|a 86-98
|
| 490 |
0 |
|
|a Számítástechnikai és kibernetikai módszerek alkalmazása az orvostudományban és a biológiában
|v 4
|
| 650 |
|
4 |
|a Természettudományok
|
| 650 |
|
4 |
|a Számítás- és információtudomány
|
| 695 |
|
|
|a Informatika - orvosi, Számítógép alkalmazása - orvostudomány, Digitális jelfeldolgozás
|
| 700 |
0 |
1 |
|a Ivanyos Lajos
|e aut
|
| 700 |
0 |
1 |
|a Molnár Ervin
|e aut
|
| 711 |
|
|
|a Számítástechnikai és kibernetikai módszerek alkalmazása az orvostudományban és a biológiában
|c Szeged
|d 1973
|
| 856 |
4 |
0 |
|u http://acta.bibl.u-szeged.hu/45739/1/szamtech_orvost_koll_004_086-098.pdf
|z Dokumentum-elérés
|